Statistics for Least Visited US States

Click here to take the quiz!

General Stats

  • This quiz has been taken 691 times
  • The average score is 9 of 12

Answer Stats

annual visitors (in millions)state% Correct
24.North Dakota
87%
19.1Nebraska
78%
16.Iowa
76%
11.Montana
76%
10.1Wyoming
75%
25.8Arkansas
73%
19.2Rhode Island
72%
12.8Vermont
71%
7.3Delaware
70%
24.3Alabama
69%
22.Mississippi
68%
15.2West Virginia
65%

Score Distribution

Percentile by Number Answered

Percent of People with Each Score

Your Score History

You have not taken this quiz